Normal view
MARC view
- تأليف جعفر، مجدي محمود؛ دراسة شمس الدين موسى
Entry Personal Name
001 - CONTROL NUMBER
- control field: 37638
003 - CONTROL NUMBER IDENTIFIER
- control field: JO-AjAnu
005 - DATE AND TIME OF LATEST TRANSACTION
- control field: 20230606080256.0
008 - FIXED-LENGTH DATA ELEMENTS
- fixed length control field: 230606|| aca||aabn | a|a d
040 ## - CATALOGING SOURCE
- Original cataloging agency: JO-AjAnu
- Transcribing agency: JO-AjAnu
100 ## - HEADING--PERSONAL NAME
- Personal name: تأليف جعفر، مجدي محمود؛ دراسة شمس الدين موسى
670 ## - SOURCE DATA FOUND
- Source citation: Work cat.: (JO-AjAnu)19312: تأليف جعفر، مجدي محمود؛ دراسة شمس الدين موسى, author, أم دغش: قصص